Terapia integral de pareja : (Registro nro. 21999)
[ vista simple ]
| 000 -Cabecera | |
|---|---|
| Campo de control interno | 00852nam a2200229Ia 4500 |
| 005 - Fecha y hora del registro | |
| control field | 20260408085038.0 |
| 008 - Elementos de Longitud Fija | |
| fixed length control field | 260320s9999||||xx |||||||||||||| ||und|| |
| 020 ## - ISBN | |
| ISBN | 9788490773222 |
| 041 ## - Idioma | |
| Codigo Idioma | ESP |
| 082 ## - DEWEY y NOTACIÓN INTERNA | |
| Dewey | 616.89156 |
| Notación Interna | B25 |
| 100 ## - AUTOR | |
| Autor denominación | Barraca Mairal, Jorge, |
| Término de relación | autor |
| 245 #0 - TÍTULO DE MATERIAL BIBLIOGRÁFICO | |
| Título | Terapia integral de pareja : |
| Título paralelo | una intervención para superar las diferencias irreconciliables |
| 260 ## - CIUDAD, EDITORIAL, AÑO | |
| Ciudad | Madrid : |
| Nombre de la Editorial | Editorial Síntesis, |
| Año | 2016 |
| 300 ## - DESCRIPCIÓN | |
| N° Páginas | 148 páginas : |
| Dimensiones | 22 cm. |
| 440 ## - MENCIÓN DE SERIE | |
| Título de la Serie | (Terapias de tercera generación) |
| 650 ## - TEMAS | |
| Temas | Tecnología (Ciencias Aplicadas) |
| 653 ## - DESCRIPTORES | |
| Lenguajes no controlado | Pareja; Terapias psicológicas; Psicoterapia de pareja |
| 654 ## - PROGRAMAS | |
| Programa | Dpto. de Psicología |
| 856 ## - URL - UBICACIÓN | |
| URI/URL: Enlace exacto del recurso | <a href="https://0u20vmuvj-y-https-ebookcentral-proquest-com.itmsp.museknowledge.com/lib/catolicasp/home.action">https://0u20vmuvj-y-https-ebookcentral-proquest-com.itmsp.museknowledge.com/lib/catolicasp/home.action</a> |
| Nota pública: Versión digital | <a href="Véase además: Base de datos ProQuest Ebook Central">Véase además: Base de datos ProQuest Ebook Central</a> |
| 942 ## - ELEMENTOS DE KOHA | |
| Tipo de documento | Libro |
| Nombre del creador | Justo Noguera |
| Código de catalogador | Margarita Torres |
| Esquema de clasificación | Dewey Decimal Classification |
| Codigo completo | Registro | Colección | Copia número | Disponibilidad | Tipo de préstamo | Biblioteca Actual | Procedencia (Biblioteca) | Ubicacón | Fecha Ingreso | Tipo de Adquisición | Date last seen | Total checkouts | Price effective from | Tipo de Item | Estado del Material | Fuente de Clasificación | Damaged status | Withdrawn status |
|---|---|---|---|---|---|---|---|---|---|---|---|---|---|---|---|---|---|---|
| 616.89156 B25 | 1086568 | Universidad Católica San Pablo | 1 | Disponible | Disponible | Víctor Andrés Belaunde | Víctor Andrés Belaunde | Planta baja abierta | 08/04/2026 | Compra | 08/04/2026 | 08/04/2026 | Libro | Bueno | Dewey Decimal Classification |




